Drapeaux tricolores - Mort Subite - Statistiques

Statistiques générales
  • Ce quiz a été pris 177 fois
  • Le résultat moyen est 5 sur 16
Answers on the Grid
Answers color-coded by a green-red scale on the quiz's grid according to % correct below.
Grenade
Angola
Burundi
Burkina Faso
Guinée
Jamaïque
Liberia
Îles Marshall
Mauritanie
Nauru
Trinité-et-Tobago
Yémen
Bhoutan
Biélorussie
Chypre
Laos
Antigua-et-Barbuda
Azerbaïdjan
Djibouti
Érythrée
Guyana
Lesotho
Ouganda
Togo
 
Statistiques - réponses
Réponse % Correct
Jamaïque
53%
Burkina Faso
38%
Chypre
38%
Laos
38%
Biélorussie
36%
Yémen
36%
Angola
34%
Liberia
34%
Guinée
32%
Trinité-et-Tobago
28%
Bhoutan
26%
Burundi
21%
Mauritanie
17%
Nauru
17%
Grenade
15%
Îles Marshall
15%
Aucun quiz correspondant
Distribution des résultats
% des personnes avec chaque résultat
Percentile par nombre de réponses
Votre historique - résultats
Vous n’avez pas pris ce quiz